ニコニコ動画摩天楼 - Statistics

General Stats
  • This quiz has been taken 13 times
  • The average score is 51 of 87
Answer Stats
No. ヒント 答え % Correct
5 進撃の巨人 OP 紅蓮の弓矢
100%
9 新・豪血寺一族 レッツゴー!陰陽師
100%
10 がっこうぐらし! OP ふ・れ・ん・ど・し・た・い
100%
5 進撃の巨人 OP 紅蓮の弓矢
100%
35 マクロスF OP ライオン
100%
46 AIR OP 鳥の詩
100%
9 新・豪血寺一族 レッツゴー!陰陽師
100%
5 進撃の巨人 OP 紅蓮の弓矢
100%
9 新・豪血寺一族 レッツゴー!陰陽師
100%
8 けいおん! ED Don't say "lazy"
100%
8 けいおん! ED Don't say "lazy"
100%
11 艦隊これくしょん-艦これ- OP 吹雪
83%
20 新世紀エヴァンゲリオン OP 残酷な天使のテーゼ
83%
23 魔法少女まどか☆マギカ OP コネクト
83%
25 れるりり 脳漿炸裂ガール
83%
28 ryo メルト
83%
29 化物語 ED 君の知らない物語
83%
36 ぼくらのOP アンインストール
83%
51 偽物語 OP 白金ディスコ
83%
68 機巧少女は傷つかない ED 回レ!雪月花
83%
75 Orangestar アスノヨゾラ哨戒班
83%
15 デジモンアドベンチャー OP Butter-Fly
83%
26 ご注文はうさぎですか? OP Daydream café
83%
26 ご注文はうさぎですか? OP Daydream café
83%
37 cosMo@暴走P 初音ミクの消失-DEAD END-
83%
60 変態王子と笑わない猫。 OP Fantastic future
83%
18 フィンランド民謡 Ievan Polkka
83%
12 とある科学の超電磁砲 OP only my railgun
83%
13 広瀬香美 promise
83%
40 ひぐらしのなく頃に解 目明し編 ED you
83%
1 マクロスF 挿入歌 星間飛行
67%
2 初音ミク みくみくにしてあげる♪
67%
41 東方乙女囃子(IOSYS) 魔理沙は大変なものを盗んでいきました
67%
47 化物語 OP 恋愛サーキュレーション
67%
58 武装錬金 OP 真赤な誓い
67%
2 初音ミク みくみくにしてあげる♪
67%
1 マクロスF 挿入歌 星間飛行
67%
7 Lovelight(東方) Bad Apple!! Feat.nomico
67%
42 涼宮ハルヒの憂鬱 挿入歌 God knows…
67%
39 AIR 夏影 -summer lights-
67%
16 未確認で進行形 OP とまどい→レシピ
50%
27 もじぴったん ふたりのもじぴったん
50%
38 THE IDOLM@STER 挿入歌 約束
50%
44 人類は衰退しました OP リアルワールド
50%
48 EasyPop ハッピーシンセサイザ
50%
49 れるりり 神のまにまに
50%
50 Splatoon シオカラ節
50%
16 未確認で進行形 OP とまどい→レシピ
50%
66 米津玄師 ゴーゴー幽霊船
50%
73 血界戦線 ED シュガーソングとビターステップ
50%
74 てーきゅう! OP メニメニマニマニ
50%
4 ロックマン2 Dr.WILY STAGE 1
50%
4 ロックマン2 Dr.WILY STAGE 1
50%
3 東方ストライク Help me, ERINNNNNN!!
50%
72 THE IDOLM@STER MOVIE 輝きの向こう側へ! 主題歌 M@STERPIECE
50%
55 beatmania RED ZONE
50%
56 ビートまりおのアレンジ曲 最終鬼畜妹フランドール・S
50%
14 バンブーブレード ED STAR RISE
50%
59 Nursery Rhyme OP true my heart
50%
6 まもるクンは呪われてしまった! YO-KAI Disco
50%
6 まもるクンは呪われてしまった! YO-KAI Disco
50%
21 まじっく快斗1412 2期OP アイのシナリオ
33%
22 湯浅プリンス あいつこそがテニスの王子様
33%
24 てつくずおきば エアーマンが倒せない
33%
31 同名のアニメ 創聖のアクエリオン
33%
45 トラボルタP ココロ
33%
63 ハナヤマタ OP 花ハ踊レヤいろはにほ
33%
69 みきとP いーあるふぁんくらぶ
33%
71 ふわりP きょうもハレバレ
33%
61 那珂ちゃん 恋の2-4-11
33%
65 ゆゆ式 ED Affection
33%
32 日常 OP ヒャダインのカカカタ☆カタオモイ-C
33%
3 東方ストライク Help me, ERINNNNNN!!
33%
64 きんいろモザイク OP Jumping!!
33%
17 いただきじゃんがりあんR OP Love Cheat!
33%
70 とある科学の超電磁砲S OP sister's noise
33%
34 アイドルマスターシンデレラガールズ OP Star!!
33%
33 ラブライブ! OP 僕らは今の中で
17%
52 刀剣乱舞-ONLINE- 本丸
17%
54 EZFG サイバーサンダーサイダー
17%
62 REFLEC BEAT colette めうめうぺったんたん!
17%
19 もじぴったん on and on
17%
30 halyosy Smiling
17%
53 FREE! ED SPLASH FREE
17%
67 DECO*27 ストリーミングハート
0%
43 夜のヤッターマン OP 極限Dreamer
0%
57 第2次スーパーロボット対戦α OP SKILL
0%
No matching quizzes found
Score Distribution
Percent of People with Each Score
Percentile by Number Answered
Your Score History
You have not taken this quiz